Κατάλογος Βιβλιοθηκών Mediterranean College

Abnormal Psychology / Fifth Edition (Record no. 167)

MARC details
000 -LEADER
fixed length control field 01226cam a22002054a 4500
005 - ΗΜΕΡΟΜΗΝΙΑ ΚΑΙ ΩΡΑ ΤΕΛΕΥΤΑΙΑΣ ΕΝΗΜΕΡΩΣΗΣ
Πεδίο ελέγχου 20250605163926.0
008 - FIXED-LENGTH DATA ELEMENTS--GENERAL INFORMATION
Πεδίο ελέγχου σταθερού μήκους 250528s ||||||||||||||||||||||||d
035 ## - SYSTEM CONTROL NUMBER
System control number 14542
020 ## - ISBN
ISBN 716757923
040 ## - ΠΗΓΗ ΚΑΤΑΛΟΓΟΓΡΑΦΗΣΗΣ
Φορέας πρωτότυπης καταλογογράφησης MC Athens Campus Library
Γλώσσα καταλογογράφησης Ελληνικά, Μοντέρνα (1453-)
Modifying agency MC Athens Campus Library
Κανόνες περιγραφικής καταλογογράφησης AACR2
245 1# - ΤΙΤΛΟΣ ΚΑΙ ΔΗΛΩΣΗ ΥΠΕΥΘΥΝΟΤΗΤΑΣ
Τίτλος Abnormal Psychology / Fifth Edition
250 ## - EDITION STATEMENT
Edition statement 5th
260 ## - PUBLICATION, DISTRIBUTION, ETC.
Name of publisher, distributor, etc. Worth Publishers,
Date of publication, distribution, etc. 2004
300 ## - PHYSICAL DESCRIPTION
Extent 724
520 ## - SUMMARY, ETC.
Summary, etc. Abnormal Psychology in Science and Clinical Practice, Abnormal Psychology: Past and Present, Research in Abnormal Psychology, Models of Abnormality, Clinical Assessment and Diagnosis and Treatment, Problems of Stress and Anxiety, Anxiety Disorders, Stress Disorders, Somatoform and Dissociative Disorders, Problems of Mood, Mood Disorders, Treatments for Mood Disorders, Suicide, Problems of Mind and Body, Eating Disorders, Substance-Related Disorders, Sexual Disorders and Gender Identity Disorder, Problems of Psychosis, Schizophrenia, Treatments for Schizophrenia, Life-Span Problems, Personality Disorders, Disorders of Childhood and Adolescence, Disorders of Aging and Cognition, Conclusion, Law and Society and the Mental Health Profession.
700 1# - ΠΡΟΣΘΕΤΗ ΑΝΑΓΡΑΦΗ--ΦΥΣΙΚΟ ΠΡΟΣΩΠΟ
Personal name Comer Ronald J
9 (RLIN) 247
942 ## - ADDED ENTRY ELEMENTS (KOHA)
Koha item type Books
Holdings
Τύπος τεκμηρίου Βιβλιοθήκη Τρέχουσα τοποθεσία Barcode Αριθμός εισαγωγής Ημερομηνία απόκτησης Ταξιθετικό σύμβολο Αριθμός αντιτύπου Κατάσταση απόσυρσης Κατάσταση χαμένου Κατάσταση κατεστραμμένου Μη δανεισμός Σύνολο δανεισμών Ημερομηνία τελευταίας εμφάνισης Η τιμή ισχύει από
Books MC Athens Campus Library MC Athens Campus Library 9780000001665 1877 05/06/2025 616.89 COM 1           05/06/2025 05/06/2025

MC Athens Campus Library
Πατησίων 94 & Κοδριγκτώνος 13, 104 34
Πελλήνης 8 & Πατησίων 107, 112 51
Τ: +30 210 8899600

MC Thessaloniki Campus Library
Ίωνος Δραγούμη 21, 54625 | Ίωνος Δραγούμη 15, 54625
Τ: +30 2310 287779 – Τ: +30 2314 440300